| 000 | 00512nam a2200181Ia 4500 | ||
|---|---|---|---|
| 999 |
_c16813 _d16813 |
||
| 082 | _a004.6 MEA-; | ||
| 100 | _aMeadow, Charles T. | ||
| 245 | 0 | _aMan-machine communication | |
| 260 |
_aNew York _bJohn Wiley _c1970 |
||
| 300 | _axvi, 422p. | ||
| 440 | _aWiley information sciences series | ||
| 650 | _aComputer science | ||
| 650 | _aInformation storage and retrieval systems | ||
| 650 | _aCommunication - Network analysis | ||
| 650 | _aComputer programs | ||
| 650 | _aHuman machine system | ||
| 942 | _cBK | ||